LEADER 01395nam2-2200457---450- 001 990000539090203316 005 20060227115542.0 010 $a88-18-16001-X 035 $a0053909 035 $aUSA010053909 035 $a(ALEPH)000053909USA01 035 $a0053909 100 $a20010703d1985----km-y0itay0103----ba 101 $aita 102 $aIT 105 $a||||||||001yy 200 1 $aLibri 14.-17.$fDiodoro Siculo$ga cura di Teresa Alfieri Tonini 210 $aMilano$cRusconi$d1985 215 $a681 p.$ctav.$d24 cm 312 $aBibliothekes historikes 410 $12001 454 $12001$aBibliothekes historikes$922084 461 $10010053908$12001$aBiblioteca storica 676 $a888 700 1$aDIODORUS :$cSiculus$0204784 702 1$aALFIERI TONINI,$bTeresa 801 0$aIT$bsalbc$gISBD 900 0$aDIODERE : de Sicile 912 $a990000539090203316 951 $aV.1.A. 517(X A COLL. 77/VIII 3)$b104651 LM$cVIII A 959 $aBK 969 $aUMA 979 $aPATTY$b90$c20010703$lUSA01$h1214 979 $aPATTY$b90$c20010703$lUSA01$h1216 979 $aPATTY$b90$c20010907$lUSA01$h1057 979 $c20020403$lUSA01$h1703 979 $aPATRY$b90$c20040406$lUSA01$h1637 979 $aCOPAT5$b90$c20060227$lUSA01$h1155 979 $aANNAMARIA$b90$c20121127$lUSA01$h0853 996 $aBiblioth?k?s historik?s$922084 997 $aUNISA LEADER 02175oam 2200637M 450 001 9910716312703321 005 20200213070633.3 035 $a(CKB)5470000002521012 035 $a(OCoLC)1066035198 035 $a(OCoLC)995470000002521012 035 $a(EXLCZ)995470000002521012 100 $a20071213d1926 ua 0 101 0 $aeng 135 $aurcn||||||||| 181 $ctxt$2rdacontent 182 $cc$2rdamedia 183 $acr$2rdacarrier 200 10$aHarrisburg Real Estate Co., of Harrisburg, Pa. March 22, 1926. -- Committed to the Committee of the Whole House and ordered to be printed 210 1$a[Washington, D.C.] :$c[U.S. Government Printing Office],$d1926. 215 $a1 online resource (4 pages) 225 1 $aHouse report / 69th Congress, 1st session. House ;$vno. 615 225 1 $a[United States congressional serial set ] ;$v[serial no. 8536] 300 $aBatch processed record: Metadata reviewed, not verified. Some fields updated by batch processes. 300 $aFDLP item number not assigned. 606 $aAir bases 606 $aArsenals 606 $aArmories 606 $aClaims 606 $aGovernment purchasing of real property 606 $aLand titles 606 $aLegislative amendments 606 $aRent 606 $aRequisitions, Military 606 $aWorld War, 1914-1918 608 $aLegislative materials.$2lcgft 615 0$aAir bases. 615 0$aArsenals. 615 0$aArmories. 615 0$aClaims. 615 0$aGovernment purchasing of real property. 615 0$aLand titles. 615 0$aLegislative amendments. 615 0$aRent. 615 0$aRequisitions, Military. 615 0$aWorld War, 1914-1918. 701 $aWinter$b Charles E$g(Charles Edwin),$f1870-1948$pRepublican (WY)$01387987 801 0$bWYU 801 1$bWYU 801 2$bOCLCO 801 2$bOCLCQ 801 2$bOCLCO 801 2$bOCLCQ 906 $aBOOK 912 $a9910716312703321 996 $aHarrisburg Real Estate Co., of Harrisburg, Pa. March 22, 1926. -- Committed to the Committee of the Whole House and ordered to be printed$93541411 997 $aUNINA